[Event "Gothenburg Kvibergspelen"]
[Site "Gothenburg"]
[Date "2017.05.05"]
[Round "4"]
[White "Golubka, Petro"]
[Black "Rahul, Kumar Pune"]
[Result "1/2-1/2"]
[WhiteElo "2441"]
[BlackElo "2196"]
[WhiteFideId "-1"]
[BlackFideId "-1"]
[PlyCount "64"]
[GameId "1116458517803008"]
[EventDate "2017.05.05"]
[EventType "swiss"]
[EventRounds "8"]
[EventCountry "SWE"]
[SourceTitle "CBM 178 Extra"]
[Source "ChessBase"]
[SourceDate "2017.06.22"]
[SourceVersion "1"]
[SourceVersionDate "2017.06.22"]
[SourceQuality "1"]

1. e4 g6 2. h4 d5 3. exd5 Qxd5 4. Nc3 Qd8 5. d4 Bg7 6. Be3 h5 7. Nf3 Bg4 8. Be2 Nf6 9. Ng5 Bxe2 10. Qxe2 Nbd7 11. O-O-O Nb6 12. d5 a6 13. Rhe1 O-O 14. Bxb6 cxb6 15. Qxe7 Rc8 16. Qxb7 Qd6 17. Kb1 Rc7 18. Qxa6 Rxc3 19. bxc3 Nxd5 20. Qc4 Nxc3+ 21. Qxc3 Qxd1+ 22. Rxd1 Bxc3 23. Ne4 Be5 24. Rd5 Re8 25. f3 f5 26. Nd6 Re6 27. Nc4 Bc3 28. a4 Bf6 29. g3 Re1+ 30. Ka2 Ra1+ 31. Kb3 Rb1+ 32. Ka2 Ra1+ 1/2-1/2

[Event "Kvibergspelen op"]
[Site "Goeteborg SWE"]
[Date "2017.05.05"]
[Round "1.6"]
[White "Andersson, Jan"]
[Black "Golubka, Petro"]
[Result "0-1"]
[WhiteElo "1870"]
[BlackElo "2441"]
[WhiteFideId "-1"]
[BlackFideId "-1"]
[PlyCount "78"]
[GameId "2130307633724839"]
[EventDate "2017.05.05"]
[EventType "swiss"]
[EventRounds "8"]
[EventCountry "SWE"]
[SourceTitle "10 Days #506"]
[Source "Chess Mix"]
[SourceDate "2017.05.10"]
[SourceVersion "1"]
[SourceVersionDate "2017.05.10"]
[SourceQuality "1"]

1. e4 c5 2. Nf3 d6 3. g3 Nf6 4. c3 Bd7 5. d3 g6 6. Bg2 Bg7 7. O-O O-O 8. Nbd2 Nc6 9. Nc4 b5 10. Ne3 e5 11. a4 a6 12. Ng5 h6 13. Nh3 Qc8 14. g4 Nxg4 15. Qf3 Nf6 16. Kh1 Kh7 17. Ng1 bxa4 18. Qe2 Nh5 19. Nd5 Na5 20. Be3 Nb3 21. Rad1 Rb8 22. f4 exf4 23. Nxf4 Nf6 24. Nf3 g5 25. Nxg5+ hxg5 26. Nh5 Bg4 27. Bf3 Bxh5 28. Bxh5 Qh3 29. Bf3 Qh4 30. Rg1 Bh6 31. Bf2 Qh3 32. Rg3 Qe6 33. Be3 Rg8 34. Rdg1 Qe5 35. h4 gxh4 36. Rxg8 Rxg8 37. Rxg8 Nxg8 38. Bxh6 Nxh6 39. Qg2 Qg3 0-1

[Event "Kvibergspelen op"]
[Site "Goeteborg SWE"]
[Date "2017.05.05"]
[Round "2.6"]
[White "Golubka, Petro"]
[Black "Crevatin, Leo"]
[Result "1-0"]
[WhiteElo "2441"]
[BlackElo "2032"]
[WhiteFideId "-1"]
[BlackFideId "-1"]
[PlyCount "69"]
[GameId "2130307633724849"]
[EventDate "2017.05.05"]
[EventType "swiss"]
[EventRounds "8"]
[EventCountry "SWE"]
[SourceTitle "10 Days #506"]
[Source "Chess Mix"]
[SourceDate "2017.05.10"]
[SourceVersion "1"]
[SourceVersionDate "2017.05.10"]
[SourceQuality "1"]

1. e4 c5 2. d4 cxd4 3. c3 dxc3 4. Nxc3 Nc6 5. Nf3 g6 6. Bc4 Bg7 7. O-O h6 8. e5 a6 9. Re1 e6 10. Ne4 Nge7 11. Nd6+ Kf8 12. a4 Nf5 13. b3 Nxd6 14. Ba3 Kg8 15. Bxd6 Bf8 16. h4 Bxd6 17. Qxd6 Qe7 18. Qd2 h5 19. a5 Kg7 20. Re4 f6 21. exf6+ Qxf6 22. Rae1 Rf8 23. Ng5 Kh8 24. f3 Kg7 25. g3 Qf5 26. b4 d5 27. Rf4 Qxf4 28. gxf4 dxc4 29. Qc3+ e5 30. fxe5 Rf4 31. e6+ Kf8 32. Kg2 b5 33. axb6 a5 34. e7+ Nxe7 35. Qe5 1-0

[Event "Kvibergspelen op"]
[Site "Goeteborg SWE"]
[Date "2017.05.05"]
[Round "3.6"]
[White "Andersson, Ro"]
[Black "Golubka, Petro"]
[Result "1/2-1/2"]
[WhiteElo "2088"]
[BlackElo "2441"]
[WhiteFideId "-1"]
[BlackFideId "-1"]
[PlyCount "182"]
[GameId "2130307633724859"]
[EventDate "2017.05.05"]
[EventType "swiss"]
[EventRounds "8"]
[EventCountry "SWE"]
[SourceTitle "10 Days #506"]
[Source "Chess Mix"]
[SourceDate "2017.05.10"]
[SourceVersion "1"]
[SourceVersionDate "2017.05.10"]
[SourceQuality "1"]

1. Nf3 Nf6 2. c4 g6 3. Nc3 Bg7 4. g3 O-O 5. Bg2 d6 6. O-O c6 7. Rb1 Qa5 8. b4 Qh5 9. b5 Bh3 10. bxc6 bxc6 11. d4 Nbd7 12. Bxh3 Qxh3 13. Ng5 Qh5 14. e4 Nb6 15. c5 dxc5 16. dxc5 Nbd7 17. Qxh5 Nxh5 18. Na4 h6 19. Nf3 Nhf6 20. Nd2 Rfd8 21. f3 Ne5 22. Nb3 Nc4 23. Nb2 Na3 24. Ra1 Nc2 25. Rb1 Na3 26. Ra1 Nd7 27. Rf2 f5 28. exf5 gxf5 29. Be3 Ne5 30. Re1 Rd5 31. Bd4 Rad8 32. Bxe5 Bxe5 33. Rfe2 Bc3 34. Rc1 Bf6 35. Kg2 a5 36. Nc4 Nxc4 37. Rxc4 Rd1 38. Nxa5 Rc8 39. a4 Kf7 40. Rec2 Rb1 41. Kh3 h5 42. f4 e5 43. fxe5 Bd8 44. Nxc6 Rxc6 45. Rf2 Kg6 46. Rcf4 Rxc5 47. Rxf5 Be7 48. Kg2 Rb4 49. R5f4 Rxe5 50. Rxb4 Bxb4 51. Ra2 Kg5 52. Kh3 Ra5 53. Kg2 Be7 54. Re2 Bf6 55. Re4 Kf5 56. Rc4 Be5 57. Kf3 Ke6 58. Rc6+ Bd6 59. Rc4 Rf5+ 60. Kg2 Rd5 61. Re4+ Kf5 62. Re2 Bb4 63. Rb2 Rd4 64. Kh3 Kg6 65. Ra2 Ba5 66. Kg2 Rc4 67. Kh3 Kg5 68. Kg2 Kg4 69. Rf2 Kg5 70. Ra2 Kf6 71. Rf2+ Ke6 72. Re2+ Kd6 73. Ra2 Kc6 74. Kh3 Kb6 75. Kg2 Ka6 76. Kh3 Bb6 77. Kg2 Ka5 78. Kh3 Be3 79. Re2 Bc5 80. Re5 h4 81. g4 Rc2 82. Kxh4 Rxh2+ 83. Kg3 Rc2 84. Re4 Bb4 85. g5 Kxa4 86. g6 Rc1 87. Rg4 Rc8 88. g7 Rg8 89. Kh4 Kb3 90. Kh5 Bc3 91. Kh6 Rxg7 1/2-1/2

[Event "Kvibergspelen op"]
[Site "Goeteborg SWE"]
[Date "2017.05.06"]
[Round "5.7"]
[White "Nordlund, Keith"]
[Black "Golubka, Petro"]
[Result "0-1"]
[WhiteElo "2126"]
[BlackElo "2441"]
[WhiteFideId "-1"]
[BlackFideId "-1"]
[PlyCount "66"]
[GameId "2130307633724880"]
[EventDate "2017.05.05"]
[EventType "swiss"]
[EventRounds "8"]
[EventCountry "SWE"]
[SourceTitle "10 Days #506"]
[Source "Chess Mix"]
[SourceDate "2017.05.10"]
[SourceVersion "1"]
[SourceVersionDate "2017.05.10"]
[SourceQuality "1"]

1. e4 c5 2. Nc3 Nc6 3. g3 e6 4. Bg2 Nf6 5. d3 Be7 6. Nge2 Rb8 7. O-O b5 8. a3 O-O 9. d4 b4 10. axb4 cxb4 11. Nb1 d5 12. Nd2 a5 13. c3 Ba6 14. Re1 bxc3 15. bxc3 e5 16. exd5 Nxd5 17. c4 Ndb4 18. d5 Nd4 19. Nxd4 exd4 20. Qa4 Nd3 21. Re4 Bb4 22. Rxd4 Nc5 23. Qc2 Re8 24. Nf3 Qf6 25. Bb2 Qg6 26. Rc1 a4 27. Rdd1 a3 28. Be5 Rbc8 29. Qxg6 hxg6 30. Bd6 a2 31. Nd4 Nd3 32. Bxb4 Nxc1 33. Rxc1 Rxc4 0-1

[Event "Kvibergspelen op"]
[Site "Goeteborg SWE"]
[Date "2017.05.06"]
[Round "6.5"]
[White "Golubka, Petro"]
[Black "Bjorklund, Thomas"]
[Result "1-0"]
[WhiteElo "2441"]
[BlackElo "2141"]
[WhiteFideId "-1"]
[BlackFideId "-1"]
[PlyCount "51"]
[GameId "2130307633724888"]
[EventDate "2017.05.05"]
[EventType "swiss"]
[EventRounds "8"]
[EventCountry "SWE"]
[SourceTitle "10 Days #506"]
[Source "Chess Mix"]
[SourceDate "2017.05.10"]
[SourceVersion "1"]
[SourceVersionDate "2017.05.10"]
[SourceQuality "1"]

1. e4 e5 2. Nf3 Nc6 3. Bb5 Nf6 4. d3 d6 5. O-O Be7 6. c3 O-O 7. Nbd2 Bd7 8. Ba4 Rb8 9. Re1 Re8 10. Nf1 h6 11. h3 Nh7 12. Ne3 Ng5 13. Bb3 Be6 14. Ba4 Bd7 15. Nh2 Bf8 16. h4 Ne6 17. g3 Ne7 18. Bb3 Nc5 19. Bc2 Bc6 20. b4 Nd7 21. d4 exd4 22. cxd4 Nf6 23. d5 Bd7 24. Bb2 Ng6 25. h5 Ne5 26. f4 1-0

[Event "Kvibergspelen op"]
[Site "Goeteborg SWE"]
[Date "2017.05.07"]
[Round "7.2"]
[White "Golubka, Petro"]
[Black "Arman, Deniz"]
[Result "1-0"]
[WhiteElo "2441"]
[BlackElo "2377"]
[WhiteFideId "-1"]
[BlackFideId "-1"]
[PlyCount "41"]
[GameId "2130307633724895"]
[EventDate "2017.05.05"]
[EventType "swiss"]
[EventRounds "8"]
[EventCountry "SWE"]
[SourceTitle "10 Days #506"]
[Source "Chess Mix"]
[SourceDate "2017.05.10"]
[SourceVersion "1"]
[SourceVersionDate "2017.05.10"]
[SourceQuality "1"]

1. e4 Nf6 2. Nc3 d5 3. e5 Nfd7 4. d4 Nb6 5. a3 Bf5 6. Be3 e6 7. h4 h6 8. h5 Be7 9. Bd3 Bxd3 10. cxd3 c5 11. dxc5 d4 12. cxb6 dxe3 13. fxe3 Qxb6 14. Qe2 Nc6 15. Nf3 O-O 16. O-O f6 17. exf6 Bxf6 18. d4 Rae8 19. Rad1 Bd8 20. Ne4 Rf5 21. Nd6 1-0

[Event "Kvibergspelen op"]
[Site "Goeteborg SWE"]
[Date "2017.05.07"]
[Round "8.2"]
[White "Ernst, Thomas"]
[Black "Golubka, Petro"]
[Result "1/2-1/2"]
[WhiteElo "2382"]
[BlackElo "2441"]
[WhiteFideId "-1"]
[BlackFideId "-1"]
[PlyCount "30"]
[GameId "2130307633729001"]
[EventDate "2017.05.05"]
[EventType "swiss"]
[EventRounds "8"]
[EventCountry "SWE"]
[SourceTitle "10 Days #506"]
[Source "Chess Mix"]
[SourceDate "2017.05.10"]
[SourceVersion "1"]
[SourceVersionDate "2017.05.10"]
[SourceQuality "1"]

1. e4 e5 2. Nf3 Nc6 3. Bb5 a6 4. Ba4 Nf6 5. O-O b5 6. Bb3 Be7 7. Re1 O-O 8. c3 d6 9. h3 a5 10. d3 a4 11. Bc2 Bd7 12. Nbd2 Re8 13. Nf1 Bf8 14. d4 g6 15. Ng3 Bg7 1/2-1/2

[Event "Maksym Yusupov Mem-A"]
[Site "Lviv UKR"]
[Date "2017.03.21"]
[Round "1.5"]
[White "Golubka, Petro"]
[Black "Bondarets, Vadim"]
[Result "1-0"]
[WhiteElo "2424"]
[BlackElo "2266"]
[WhiteFideId "-1"]
[BlackFideId "-1"]
[PlyCount "69"]
[GameId "2129404771583929"]
[EventDate "2017.03.21"]
[EventType "tourn"]
[EventRounds "9"]
[EventCountry "UKR"]
[SourceTitle "10 Days #502"]
[Source "Chess Mix"]
[SourceDate "2017.04.01"]
[SourceVersion "1"]
[SourceVersionDate "2017.04.01"]
[SourceQuality "1"]
[WhiteClock "0:00:06"]
[BlackClock "0:01:15"]

1. d4 Nf6 2. c4 d6 3. Nc3 Nbd7 4. Nf3 e5 5. Bg5 Be7 6. e3 c6 7. Qc2 Qc7 8. O-O-O a6 9. Kb1 Qb8 10. c5 exd4 11. cxd6 Bxd6 12. Ne4 Be7 13. Bf4 Qa7 14. Nd6+ Bxd6 15. Bxd6 dxe3 16. Re1 Nf8 17. Rxe3+ Ne6 18. Bc4 Bd7 19. Ne5 O-O-O 20. Bxe6 fxe6 21. Bc5 b6 22. Be7 Qc7 23. Bxd8 Rxd8 24. Nxd7 Qxd7 25. a3 Qd5 26. Rhe1 Rd6 27. f4 c5 28. Qe2 Qf5+ 29. Ka1 Nd5 30. Qxa6+ Kc7 31. Qa7+ Kc6 32. Re4 Nc7 33. Qa4+ Kb7 34. Re5 {Kc6 R5e4+} b5 35. Qb3 {Kd5} 1-0

[Event "Maksym Yusupov Mem-A"]
[Site "Lviv UKR"]
[Date "2017.03.22"]
[Round "2.2"]
[White "Terletsky, Oleg"]
[Black "Golubka, Petro"]
[Result "1/2-1/2"]
[WhiteElo "2279"]
[BlackElo "2424"]
[WhiteFideId "-1"]
[BlackFideId "-1"]
[PlyCount "120"]
[GameId "2129404771583931"]
[EventDate "2017.03.21"]
[EventType "tourn"]
[EventRounds "9"]
[EventCountry "UKR"]
[SourceTitle "10 Days #502"]
[Source "Chess Mix"]
[SourceDate "2017.04.01"]
[SourceVersion "1"]
[SourceVersionDate "2017.04.01"]
[SourceQuality "1"]
[WhiteClock "0:02:01"]
[BlackClock "0:27:52"]

1. e4 e6 2. d4 d5 3. Nd2 a6 4. Ngf3 c5 5. exd5 exd5 6. Be2 Nc6 7. O-O Nf6 8. Re1 Be6 9. Bf1 Be7 10. dxc5 Bxc5 11. Nb3 Ba7 12. Be3 Bxe3 13. Rxe3 O-O 14. h3 Ne4 15. Nbd4 Qf6 16. c4 Rfd8 17. Nxe6 fxe6 18. cxd5 exd5 19. Qb3 Kh8 20. Rd1 Nc5 21. Qb6 d4 22. Ree1 Na4 23. Qb3 b5 24. Re6 Na5 25. Rxf6 Nxb3 26. axb3 Nxb2 27. Rd2 gxf6 28. Rxb2 d3 29. Rd2 Rac8 30. Ne1 a5 31. Nxd3 Rc1 32. f3 Rb1 33. Kf2 Rxb3 34. Ra2 Ra8 35. Ke3 Rb1 36. Be2 b4 37. Kd2 a4 38. Kc2 Rb3 39. Kd2 a3 40. Bd1 Rb1 41. Bc2 Rg1 42. Nxb4 Rxg2+ 43. Kc3 Rf2 44. Be4 Rxa2 45. Nxa2 Rb8 46. Bd5 Rb2 47. Nb4 Rh2 48. Nc2 Rxh3 49. Nxa3 h5 50. Kd3 h4 51. Ke2 Rg3 52. Kf2 Rg5 53. Be6 f5 54. f4 Rg4 55. Nc4 Rxf4+ 56. Kg2 Re4 57. Bxf5 Rxc4 58. Kh3 Kg7 59. Bg4 Kf6 60. Kxh4 Ke5 1/2-1/2

[Event "Maksym Yusupov Mem-A"]
[Site "Lviv UKR"]
[Date "2017.03.22"]
[Round "3.4"]
[White "Golubka, Petro"]
[Black "Khamidov, Komil"]
[Result "1-0"]
[WhiteElo "2424"]
[BlackElo "2135"]
[WhiteFideId "-1"]
[BlackFideId "-1"]
[PlyCount "73"]
[GameId "2129404771583938"]
[EventDate "2017.03.21"]
[EventType "tourn"]
[EventRounds "9"]
[EventCountry "UKR"]
[SourceTitle "10 Days #502"]
[Source "Chess Mix"]
[SourceDate "2017.04.01"]
[SourceVersion "1"]
[SourceVersionDate "2017.04.01"]
[SourceQuality "1"]
[WhiteClock "0:39:52"]
[BlackClock "0:20:00"]

1. e4 e5 2. Nf3 Nc6 3. Bb5 a6 4. Ba4 Nf6 5. O-O b5 6. Bb3 Bc5 7. d3 d6 8. a4 Bb7 9. Nc3 b4 10. Ne2 h6 11. Ng3 g6 12. c3 Kf8 13. d4 exd4 14. cxd4 Bb6 15. Bc2 Kg7 16. b3 d5 17. e5 Nd7 18. Be3 Nf8 19. Ne2 Ne6 20. g3 a5 21. Re1 Qd7 22. h4 Ne7 23. Nf4 Rh7 24. h5 Rhh8 25. hxg6 fxg6 26. Nh4 Nxf4 27. Bxf4 Qe6 28. Be3 Rac8 29. f4 c5 30. Bxg6 cxd4 31. Bf2 Qh3 32. Bd3 Rc3 33. f5 Ba6 34. f6+ Kf8 35. fxe7+ Kxe7 36. Ng6+ Ke8 37. Nf4 1-0

[Event "Maksym Yusupov Mem-A"]
[Site "Lviv UKR"]
[Date "2017.03.23"]
[Round "4.3"]
[White "Pugachov, Ilia"]
[Black "Golubka, Petro"]
[Result "0-1"]
[WhiteElo "2025"]
[BlackElo "2424"]
[WhiteFideId "-1"]
[BlackFideId "-1"]
[PlyCount "46"]
[GameId "2129404771583942"]
[EventDate "2017.03.21"]
[EventType "tourn"]
[EventRounds "9"]
[EventCountry "UKR"]
[SourceTitle "10 Days #502"]
[Source "Chess Mix"]
[SourceDate "2017.04.01"]
[SourceVersion "1"]
[SourceVersionDate "2017.04.01"]
[SourceQuality "1"]
[WhiteClock "0:53:49"]
[BlackClock "0:51:41"]

1. d4 c5 2. d5 e6 3. c4 Nf6 4. Nc3 exd5 5. cxd5 d6 6. Nf3 g6 7. Bf4 Bg7 8. Qa4+ Bd7 9. Qb3 b5 10. Nxb5 Qa5+ 11. Nc3 Na6 12. Nd2 Rb8 13. Nc4 Rxb3 14. Nxa5 Rxb2 15. O-O-O Nb4 16. Kxb2 Ne4 17. a3 Nxc3 18. axb4 Nxd1+ 19. Kb3 Nxf2 20. bxc5 Nxh1 21. Bxd6 Nf2 22. c6 Ne4 23. Bb4 Bf8 0-1

[Event "Maksym Yusupov Mem-A"]
[Site "Lviv UKR"]
[Date "2017.03.23"]
[Round "5.3"]
[White "Golubka, Petro"]
[Black "Burnett, Andrew"]
[Result "0-1"]
[WhiteElo "2424"]
[BlackElo "2162"]
[WhiteFideId "-1"]
[BlackFideId "-1"]
[PlyCount "98"]
[GameId "2129404771583946"]
[EventDate "2017.03.21"]
[EventType "tourn"]
[EventRounds "9"]
[EventCountry "UKR"]
[SourceTitle "10 Days #502"]
[Source "Chess Mix"]
[SourceDate "2017.04.01"]
[SourceVersion "1"]
[SourceVersionDate "2017.04.01"]
[SourceQuality "1"]
[WhiteClock "0:19:53"]
[BlackClock "0:12:00"]

1. e4 c5 2. Nf3 d6 3. d4 Nf6 4. Nc3 cxd4 5. Nxd4 g6 6. Be3 Bg7 7. f3 Nc6 8. Qd2 O-O 9. O-O-O d5 10. Bb5 Nxd4 11. Bxd4 dxe4 12. fxe4 Bg4 13. Be2 Be6 14. Bf3 Qa5 15. Kb1 Rfd8 16. Qe3 Ng4 17. Bxg4 Bxg4 18. Rd3 e5 19. Bc5 Rxd3 20. cxd3 Be6 21. Rc1 b6 22. Be7 Re8 23. Bg5 Qb4 24. Qf3 f5 25. g3 h6 26. Be3 Rd8 27. Qe2 Qd6 28. Rd1 Qd7 29. Rd2 b5 30. Qd1 a5 31. exf5 gxf5 32. d4 exd4 33. Bxd4 Bxd4 34. Ne2 Qd5 35. Rxd4 Qxa2+ 36. Kc1 Qa1+ 37. Kd2 Qxb2+ 38. Ke3 Rxd4 39. Nxd4 Qxh2 40. Ne2 f4+ 41. Nxf4 Qxg3+ 42. Ke4 Bf7 43. Qd8+ Kh7 44. Qd7 Qg7 45. Qxb5 Bg6+ 46. Kf3 Qc3+ 47. Kg4 h5+ 48. Nxh5 Qb4+ 49. Qxb4 Bxh5+ 0-1

[Event "Maksym Yusupov Mem-A"]
[Site "Lviv UKR"]
[Date "2017.03.24"]
[Round "6.4"]
[White "Krzywda, Andrzej"]
[Black "Golubka, Petro"]
[Result "0-1"]
[WhiteElo "2132"]
[BlackElo "2424"]
[WhiteFideId "-1"]
[BlackFideId "-1"]
[PlyCount "100"]
[GameId "2129404771583952"]
[EventDate "2017.03.21"]
[EventType "tourn"]
[EventRounds "9"]
[EventCountry "UKR"]
[SourceTitle "10 Days #502"]
[Source "Chess Mix"]
[SourceDate "2017.04.01"]
[SourceVersion "1"]
[SourceVersionDate "2017.04.01"]
[SourceQuality "1"]
[WhiteClock "0:01:07"]
[BlackClock "0:41:22"]

1. e4 e6 2. d4 d5 3. Nc3 Nf6 4. e5 Ne4 5. Nxe4 dxe4 6. Bc4 c5 7. d5 Nd7 8. dxe6 fxe6 9. Bf4 Nb6 10. Qxd8+ Kxd8 11. O-O-O+ Kc7 12. Be2 c4 13. Rd4 Bd7 14. Bxc4 Bc5 15. Rxe4 Bc6 16. Bd3 Bxe4 17. Bxe4 Bxf2 18. Nh3 Bh4 19. Rd1 Rad8 20. Rd6 Rxd6 21. exd6+ Kd7 22. Bxb7 Nd5 23. Bd2 Rb8 24. Ba6 Kxd6 25. a3 Bf6 26. b4 Bc3 27. Ng5 Bxd2+ 28. Kxd2 Nc7 29. Bd3 a5 30. c3 axb4 31. axb4 Ra8 32. c4 Ra2+ 33. Bc2 Na6 34. Kc3 Nxb4 35. Be4 Na6 36. Nxh7 Nc5 37. Bf3 Ra3+ 38. Kb2 Rb3+ 39. Kc2 Ke5 40. Ng5 Re3 41. Nf7+ Kd4 42. Nd6 Re1 43. Kd2 Ra1 44. h3 Ra2+ 45. Kd1 e5 46. Bd5 e4 47. Ke1 Kd3 48. g4 e3 49. Bf3 Ra1+ 50. Bd1 e2 0-1

[Event "Maksym Yusupov Mem-A"]
[Site "Lviv UKR"]
[Date "2017.03.24"]
[Round "7.2"]
[White "Golubka, Petro"]
[Black "Sevostianov, Pavel"]
[Result "1/2-1/2"]
[WhiteElo "2424"]
[BlackElo "2248"]
[WhiteFideId "-1"]
[BlackFideId "-1"]
[PlyCount "62"]
[GameId "2129404771583955"]
[EventDate "2017.03.21"]
[EventType "tourn"]
[EventRounds "9"]
[EventCountry "UKR"]
[SourceTitle "10 Days #502"]
[Source "Chess Mix"]
[SourceDate "2017.04.01"]
[SourceVersion "1"]
[SourceVersionDate "2017.04.01"]
[SourceQuality "1"]
[WhiteClock "1:32:47"]
[BlackClock "1:33:18"]

1. e4 d6 2. d4 Nf6 3. Nc3 e5 4. dxe5 dxe5 5. Qxd8+ Kxd8 6. Bc4 Ke8 7. Nf3 Bd6 8. Ng5 Rf8 9. Nd5 Nbd7 10. Nxf6+ Nxf6 11. Bd3 h6 12. Nf3 Be6 13. Bd2 Ke7 14. Bc3 Nd7 15. b3 Rfd8 16. h3 Kf8 17. Ke2 a6 18. a4 Re8 19. Nd2 Nc5 20. f3 Nxd3 21. Kxd3 Rad8 22. Ke2 Rd7 23. Rhd1 Red8 24. Nc4 Bxc4+ 25. bxc4 Ke8 26. c5 Bxc5 27. Rxd7 Rxd7 28. Bxe5 g6 29. c3 Ke7 30. Rd1 Rxd1 31. Kxd1 Kd7 1/2-1/2

[Event "Maksym Yusupov Mem-A"]
[Site "Lviv UKR"]
[Date "2017.03.25"]
[Round "8.5"]
[White "Bykovskiy, Oleg"]
[Black "Golubka, Petro"]
[Result "1/2-1/2"]
[WhiteElo "2332"]
[BlackElo "2424"]
[WhiteFideId "-1"]
[BlackFideId "-1"]
[PlyCount "64"]
[GameId "2129404771583963"]
[EventDate "2017.03.21"]
[EventType "tourn"]
[EventRounds "9"]
[EventCountry "UKR"]
[SourceTitle "10 Days #502"]
[Source "Chess Mix"]
[SourceDate "2017.04.01"]
[SourceVersion "1"]
[SourceVersionDate "2017.04.01"]
[SourceQuality "1"]
[WhiteClock "0:46:37"]
[BlackClock "0:34:17"]

1. e4 b6 2. Nc3 Bb7 3. d4 e6 4. Be3 Bb4 5. f3 Bxc3+ 6. bxc3 Ne7 7. c4 d5 8. cxd5 exd5 9. Bd3 O-O 10. Ne2 c5 11. c3 Nbc6 12. dxc5 Ne5 13. O-O Nxd3 14. Qxd3 dxe4 15. Qxd8 Rfxd8 16. fxe4 Rd3 17. Kf2 bxc5 18. Bxc5 Ng6 19. Rfd1 Ne5 20. Bd4 Ng4+ 21. Kg1 Bxe4 22. Nf4 Rxd1+ 23. Rxd1 f5 24. h3 Nf6 25. Bxf6 gxf6 26. Rd7 a5 27. Nh5 Ra6 28. Rg7+ Kf8 29. Rxh7 a4 30. a3 Rc6 31. Ra7 Bc2 32. g4 fxg4 1/2-1/2

[Event "Maksym Yusupov Mem-A"]
[Site "Lviv UKR"]
[Date "2017.03.26"]
[Round "9.1"]
[White "Golubka, Petro"]
[Black "Bogdanov, Egor"]
[Result "1-0"]
[WhiteElo "2424"]
[BlackElo "2348"]
[WhiteFideId "-1"]
[BlackFideId "-1"]
[PlyCount "79"]
[GameId "2129404771583964"]
[EventDate "2017.03.21"]
[EventType "tourn"]
[EventRounds "9"]
[EventCountry "UKR"]
[SourceTitle "10 Days #502"]
[Source "Chess Mix"]
[SourceDate "2017.04.01"]
[SourceVersion "1"]
[SourceVersionDate "2017.04.01"]
[SourceQuality "1"]
[WhiteClock "0:56:25"]
[BlackClock "0:57:08"]

1. d4 Nf6 2. c4 g6 3. Nc3 Bg7 4. e4 O-O 5. Nf3 d6 6. Be2 e5 7. O-O Nc6 8. d5 Ne7 9. Nd2 Nd7 10. b4 f5 11. c5 Nf6 12. f3 Bh6 13. Nc4 Bxc1 14. Rxc1 f4 15. Kf2 g5 16. Ke1 h5 17. Kd2 Ne8 18. Kc2 Bd7 19. Kb2 Rf6 20. Qb3 Kg7 21. b5 b6 22. cxd6 cxd6 23. h3 Rg6 24. a4 Rc8 25. Na2 Rc5 26. Nb4 g4 27. hxg4 hxg4 28. Nd3 Rc7 29. Nxd6 Nxd6 30. Rxc7 Qxc7 31. Rc1 Qd8 32. Nxe5 Rg5 33. Qc3 Kg8 34. Rh1 Rg7 35. Rh6 gxf3 36. Bxf3 Nf7 37. Nxf7 Kxf7 38. Qf6+ Kg8 39. d6 Qc8 40. dxe7 1-0

[Event "Elite Hotels Vaxjo op"]
[Site "Vaxjo SWE"]
[Date "2017.02.10"]
[Round "1.9"]
[White "Golubka, Petro"]
[Black "Amberts, Jens"]
[Result "1-0"]
[WhiteElo "2416"]
[BlackElo "1865"]
[WhiteFideId "-1"]
[BlackFideId "-1"]
[PlyCount "71"]
[GameId "2130307635782873"]
[EventDate "2017.02.10"]
[EventType "swiss"]
[EventRounds "8"]
[EventCountry "SWE"]
[SourceTitle "10 Days #498"]
[Source "Chess Mix"]
[SourceDate "2017.02.20"]
[SourceVersion "1"]
[SourceVersionDate "2017.02.20"]
[SourceQuality "1"]

1. e4 c5 2. Nf3 d6 3. d4 cxd4 4. Nxd4 Nf6 5. Nc3 g6 6. Be3 Bg7 7. f3 O-O 8. Qd2 Nc6 9. O-O-O d5 10. exd5 Nxd5 11. Nxc6 bxc6 12. Bd4 Bxd4 13. Qxd4 Qb6 14. Na4 Qa5 15. b3 Rd8 16. Qc5 Qxc5 17. Nxc5 Re8 18. Rd4 e5 19. Ra4 a5 20. Kb2 Nb6 21. Re4 Nd7 22. Nd3 f6 23. Rc4 Bb7 24. Nc5 Nxc5 25. Rxc5 Ba6 26. Rxc6 Bxf1 27. Rxf1 f5 28. a4 Rac8 29. Rxc8 Rxc8 30. Re1 Re8 31. c3 Kf7 32. b4 axb4 33. cxb4 e4 34. fxe4 fxe4 35. a5 Kf6 36. a6 1-0

[Event "Elite Hotels Vaxjo op"]
[Site "Vaxjo SWE"]
[Date "2017.02.10"]
[Round "2.9"]
[White "Nilsson, Peter"]
[Black "Golubka, Petro"]
[Result "0-1"]
[WhiteElo "2022"]
[BlackElo "2416"]
[WhiteFideId "-1"]
[BlackFideId "-1"]
[PlyCount "56"]
[GameId "2130307635782890"]
[EventDate "2017.02.10"]
[EventType "swiss"]
[EventRounds "8"]
[EventCountry "SWE"]
[SourceTitle "10 Days #498"]
[Source "Chess Mix"]
[SourceDate "2017.02.20"]
[SourceVersion "1"]
[SourceVersionDate "2017.02.20"]
[SourceQuality "1"]

1. e4 e6 2. d4 d5 3. Nd2 Nf6 4. e5 Ne4 5. Bd3 Nxd2 6. Bxd2 c5 7. dxc5 Bxc5 8. Nf3 Qb6 9. O-O Nc6 10. Qe2 h6 11. Rab1 a5 12. c3 Bd7 13. a3 a4 14. Bc2 Na5 15. Nd4 Nc4 16. Bc1 Bxd4 17. cxd4 Qxd4 18. Re1 Rc8 19. b3 axb3 20. Rxb3 Qxe5 21. f4 Qxe2 22. Rxe2 b5 23. Rg3 g6 24. h4 h5 25. f5 gxf5 26. Bxf5 Nd6 27. Bc2 Nf5 28. Rg5 Nd4 0-1

[Event "Elite Hotels Vaxjo op"]
[Site "Vaxjo SWE"]
[Date "2017.02.10"]
[Round "3.8"]
[White "Golubka, Petro"]
[Black "Karlsson, Jorgen"]
[Result "1-0"]
[WhiteElo "2416"]
[BlackElo "2107"]
[WhiteFideId "-1"]
[BlackFideId "-1"]
[PlyCount "91"]
[GameId "2130307635782907"]
[EventDate "2017.02.10"]
[EventType "swiss"]
[EventRounds "8"]
[EventCountry "SWE"]
[SourceTitle "10 Days #498"]
[Source "Chess Mix"]
[SourceDate "2017.02.20"]
[SourceVersion "1"]
[SourceVersionDate "2017.02.20"]
[SourceQuality "1"]

1. e4 g6 2. d4 Bg7 3. Nc3 a6 4. h4 h5 5. Nh3 d6 6. Be3 Nd7 7. Ng5 Ngf6 8. Bc4 e6 9. Bxe6 fxe6 10. Nxe6 Qe7 11. Nxc7+ Kd8 12. Nxa8 b5 13. e5 dxe5 14. dxe5 Qxe5 15. Qd4 Qxd4 16. Bxd4 Bb7 17. Nb6 Bxg2 18. O-O-O Bxh1 19. Nxd7 Nxd7 20. Bxg7 Rg8 21. Bh6 Bc6 22. Re1 Kc7 23. b3 Nc5 24. Re5 Nd7 25. Re6 b4 26. Ne2 Nc5 27. Bf4+ Kb7 28. Re7+ Nd7 29. Nd4 Rf8 30. Be3 Rf6 31. Rg7 Rd6 32. Kb2 a5 33. a3 Be4 34. f3 Bc6 35. Re7 Rf6 36. axb4 axb4 37. Bd2 Rd6 38. Nxc6 Kxc6 39. Bxb4 Rf6 40. Bc3 Rxf3 41. Re6+ Kd5 42. Rxg6 Rf4 43. Rg5+ Ke4 44. Rxh5 Kf3 45. Rh6 Nc5 46. Rf6 1-0